Life Map : (Record no. 276569)
[ view plain ]
| 000 -LEADER | |
|---|---|
| fixed length control field | 00309nam a2200121 a 4500 |
| 005 - DATE AND TIME OF LATEST TRANSACTION | |
| control field | 20141022142007.0 |
| 008 - FIXED-LENGTH DATA ELEMENTS--GENERAL INFORMATION | |
| fixed length control field | 100913s19uu xx 00 eng d |
| 050 ## - LIBRARY OF CONGRESS CALL NUMBER | |
| Classification number | CD-ROM |
| Item number | S5 2006 |
| 100 ## - MAIN ENTRY--PERSONAL NAME | |
| Personal name | Santock, John |
| 245 ## - TITLE STATEMENT | |
| Title | Life Map : |
| Remainder of title | to accompany life-span dev't. |
| 260 ## - PUBLICATION, DISTRIBUTION, ETC. (IMPRINT) | |
| Name of publisher, distributor, etc | Mc-Graw Hill. |
| 942 ## - ADDED ENTRY ELEMENTS (KOHA) | |
| Koha item type | Audio Visual Materials |
| Withdrawn status | Lost status | Damaged status | Home library | Current library | Shelving location | Date acquired | Source of acquisition | Total Checkouts | Full call number | Barcode | Date last seen | Price effective from | Koha item type |
|---|---|---|---|---|---|---|---|---|---|---|---|---|---|
| College Library | College Library | Audio Visual Material Section | 09/13/2010 | CD-ROM S5 2006 | AVM00171 | 11/11/2014 | 04/12/2014 | Audio Visual Materials |